Dějiny moderního podnikání

Salvato in:
Dettagli Bibliografici
Autore principale: Geršlová, Jana
Natura: Libro
Lingua:ceco
Pubblicazione: [Praha] Professional Publishing 2012
Edizione:1. vydání
Soggetti:
Tags: Aggiungi Tag
Nessun Tag, puoi essere il primo ad aggiungerne!!

MARC

LEADER 00000nam a2200000 4500
001 0295444
005 20250402143118.9
020 |a 978-80-7431-080-5 
041 0 |a cze 
044 |a CZ 
245 1 0 |a Dějiny moderního podnikání  |c Jana Geršlová 
250 |a 1. vydání 
264 1 |a [Praha]  |b Professional Publishing  |c 2012 
300 |a 224 s. 
610 2 0 |a podnikanie 
610 2 0 |a dejiny myslenia ekonomického 
610 2 0 |a podnikatelia 
610 2 0 |a podnikanie malé 
610 2 0 |a podnikanie stredné 
610 2 0 |a podnikanie rodinné 
610 2 0 |a podnikanie medzinárodné 
610 2 0 |a globalizácia 
610 2 0 |a inovácie technologické 
610 2 0 |a marketing 
610 2 0 |a kultúra podnikania 
610 2 0 |a kultúra podniková 
100 1 |a Geršlová, Jana